00739nam a2200229Ia 450000500170000000800410001702000150005810000230007324500530009625000190014930000270016865000390019565000430023465000330027765000370031026400280034733600270037533700330040233800280043504000350046308400110049820220317000539.0160601s2004 ck g 000 0 spa  a95827005641 aFayad, Luisd1945-10aTestamento de un hombre de negocios cLuis Fayad a1a. edición  a276 páginas c22 cm 142LEMBaNovela colombiana ySiglo XX142LEMBaLiteratura colombiana ySiglo XX142LEMBaAmor en la literatura 142LEMBaNegocias en la literatura  aBogotá bArangoc2004 atextobtxt2rdacontent asin mediaciónbn2rdamedia avolumenbnc2rdacarrier aCO-BoRNBPbspaerdacCO-BoRNBP aN FAY1